| 000 | 00000nas 2200000za 4500 |
| 001 | 9.846761 |
| 003 | CaOODSP |
| 005 | 20221107153300 |
| 007 | cr ||||||||||| |
| 008 | 171107d19821984oncar p oss f0###a0eng|d |
| 040 | |aCaOODSP|beng |
| 041 | |aeng|afre |
| 043 | |an-cn--- |
| 086 | 1 |aR1-98-PDF |
| 245 | 00|aRegistered Indian population by band, responsibility centre, region, language or dialect, and linguistic group |h[electronic resource] = |bPopulation indienne inscrite selon la bande, centre de responsabilité, région, langue ou dialecte, et groupe linguistique. |
| 246 | 11|aPopulation indienne inscrite selon la bande, centre de responsabilité, région, langue ou dialecte, et groupe linguistique |
| 260 | |a[Ottawa] : |bReserve and Trusts, Indian and Inuit Affairs Program, |c[1982-1984?]. |
| 362 | 1 |aBegan with 1978/1982? ceased with 1980/1984? |
| 500 | |aDigitized edition from print [produced by Indigenous and Northern Affairs Canada]. |
| 546 | |aText in English and French. |
| 692 | 07|2gccst|aAboriginal peoples |
| 692 | 07|2gccst|aPopulation |
| 710 | 2 |aIndian and Inuit Affairs Program (Canada). |bReserves and Trusts. |
| 710 | 1 |aCanada. |bIndian and Northern Affairs Canada. |
| 792 | |tRegistered Indian population by band, responsibility centre, region, language or dialect, and linguistic group |efre|w(CaOODSP)9.846762 |